[Event "SLO-chT U16 Girls"]
[Site "Nova Gorica"]
[Date "2019.05.26"]
[Round "4"]
[White "Vicic, Spelca"]
[Black "Ferfole, Anja"]
[Result "0-1"]
[WhiteElo "1422"]
[BlackElo "1561"]
[PlyCount "50"]
[EventDate "2019.05.24"]
[EventType "team-swiss"]
[EventRounds "5"]
[EventCountry "SLO"]
[SourceTitle "EXT 2020"]
[Source "ChessBase"]
[SourceDate "2019.10.17"]
[SourceVersion "1"]
[SourceVersionDate "2019.10.17"]
[SourceQuality "1"]

1. e4 e5 2. Nc3 Nf6 3. Nf3 Nc6 4. Bb5 Bd6 5. d3 h6 6. Be3 a6 7. Bxc6 dxc6 8. 0-0 Bg4 9. h3 Bh5 10. Qc1 Bxf3 11. Re1 Bxg2 12. Qd1 Bxh3 13. Qf3 Qc8 14. Qg3 Nh5 15. Qh2 Qg4+ 16. Kh1 Qf3+ 17. Kg1 Nf4 18. Bxf4 exf4 19. Ne2 Qg4+ 20. Kh1 f3 21. Nf4 Bxf4 22. Rg1 Qh4 23. Rxg7 Bxh2 24. Kxh2 Bg2+ 25. Kg1 Qh1# 0-1